000 00369nam a22001817a 4500
003 UA-OsUOA
001 1190
007 ta
008 20050721b un ||||| |||| 00| 0 ukr d
100 _aPeterson
700 _aP
700 _aW.
942 _cBK
040 _aUA-OsUOA
_cUA-OsUOA
_dUA-OsUOA
245 _aDeveloping Writing.
_bWriting
955 _a2
650 7 _2UDC
999 _c287352
_d287352